ESCRITORES POR LA PAZ /

Sábháilte in:
Sonraí bibleagrafaíochta
Rannpháirtithe: Aranguren, José Luis (autor) (autor)
Formáid: LEABHAR
Sraith:LIBERTARIAS / ENSAYO
Ábhair:
Clibeanna: Cuir clib leis
Níl clibeanna ann, Bí ar an gcéad duine le clib a chur leis an taifead seo!

MARC

LEADER 00000nam^a2200000^a^4500
001 000231972
005 20250521000000.0
009 20260310104541.297
020 |a 84-7683-117-X 
035 |a 053167 
037 |a Acervo Xavier Clavigero 
082 |a 303. 66  |b ESC 
245 1 0 |a ESCRITORES POR LA PAZ /  |c JOSE LUIS LOPEZ ARANGUREN ...[ET AL.] 
264 |a MADRID :  |b LIBERTARIAS,  |c 1991 
300 |a 215p. 
336 |a texto  |b txt  |2 rdacontenido 
337 |a sin mediación  |b n  |2 rdamedio 
338 |a volumen  |b nc  |2 rdasoporte 
440 |a LIBERTARIAS / ENSAYO 
649 |a XX 
650 |a Guerra y Paz 
650 |a PERSICO, GOLFO. 
650 |a Escritores Españoles 
700 |a Aranguren, José Luis  |e (autor) 
910 |a Fondo General 
920 |a Impresos - Libros 
930 |a Colección General 
905 |a 101 
901 |a 053167  |b IT1  |c ACC  |i 053167  |u 20250521 
902 |a https://opac.biblio.iteso.mx/vufind/Record/000231972